000 00623nam a22001817a 4500
008 160730s2008 ||||| |||| 00| 0 spa d
082 0 4 _a759.972.8
_bE777p
110 1 _aEspira / La Espora.
_95323
245 1 0 _a¡PECA! :
_bpintura emergente de Centro América /
_cEspira / La Espora.
250 _a1a ed.
260 _aManagua, Nicaragua :
_bEspira / La Espora,
_c2008.
300 _a80 p.
500 _aTextos por Patricia Belli, Javier Calvo, Fernando Alemán, Alejandro Flores y Darwin Andino.
653 1 0 _aPintura
653 1 0 _aPintura centroaméricana
653 1 0 _aArte moderno
653 1 0 _aArtistas centroamericanos
999 _c986
_d986